Flagi powiatów w Małopolskiem - Statystyki

Ogólne statystyki
  • Ten quiz został rozwiązany 31 razy
  • Średni wynik to 12 z 22
Statystyki odpowiedzi
Obrazkowy Odpowiedź % Poprawnych
Kraków
92%
Nowy Sącz
77%
Tarnów
73%
Krakowski
69%
Oświęcimski
69%
Tatrzański
62%
Bocheński
58%
Tarnowski
54%
Wadowicki
54%
Dąbrowski
50%
Myślenicki
50%
Nowosądecki
50%
Olkuski
50%
Wielicki
50%
Brzeski
46%
Chrzanowski
46%
Gorlicki
42%
Miechowski
42%
Suski
42%
Nowotarski
38%
Proszowicki
38%
Limanowski
35%
Nie znaleziono quizów pasujących do podanych kryteriów
Rozkład punktacji
Procent ludzi z każdym wynikiem
Percentyl według liczby udzielonych odpowiedzi
Twoja historia wyników
Nie rozwiązałeś tego quizu